[Event "Debrecen Szezam Postas op"]
[Site "?"]
[Date "1995.10.14"]
[Round "2"]
[White "Ats Laszlo"]
[Black "Dede Erno"]
[Result "0-1"]
[WhiteElo "1980"]
[BlackElo "2275"]
[PlyCount "136"]
[EventDate "1995.??.??"]
[Source "www.chesslib.no"]
[SourceDate "2004.05.04"]

1. e4 Nf6 2. e5 Ng8 3. d4 d6 4. exd6 cxd6 5. Nf3 Bg4 6. Bc4 e6 7. h3 Bxf3 8. Qxf3 d5 9. Bd3 Nc6 10. c3 Nf6 11. Bg5 Be7 12. Nd2 Qb6 13. Rb1 Ne4 14. Bxe7 Nxd2 15. Kxd2 Nxe7 16. Rhe1 Qa5 17. a3 O-O 18. Qh5 g6 19. Qh4 Qd8 20. Re3 Nc6 21. Qh6 e5 22. dxe5 d4 23. Re4 dxc3+ 24. bxc3 Qe7 25. Rh4 f5 26. Bc4+ Kh8 27. Bd5 Rad8 28. c4 Nxe5 29. Kc2 Rd7 30. Re1 Rc8 31. Kb3 Qf6 32. Re3 Qb6+ 33. Ka2 Qc7 34. Rb3 Qc5 35. Be6 Rcd8 36. Bxd7 Rxd7 37. Qe3 Qd6 38. c5 Qd5 39. Rhb4 a5 40. Ra4 Nc6 41. Qc3+ Kg8 42. Kb1 Qd1+ 43. Ka2 Rd2+ 44. Rb2 Rxb2+ 45. Kxb2 Qxa4 46. Qf6 Qd4+ 47. Qxd4 Nxd4 48. Kc3 Nb5+ 49. Kb3 Nd4+ 50. Ka4 Nc6 51. Kb5 Kf7 52. Kb6 Ke6 53. Kxb7 Kd5 54. Kb6 g5 55. a4 g4 56. Kb5 h5 57. h4 f4 58. g3 f3 59. Kb6 Nd4 60. Kxa5 Kxc5 61. Ka6 Ne2 62. a5 Nxg3 63. Kb7 Ne4 64. a6 Nd6+ 65. Kb8 Nb5 66. a7 Nxa7 67. Kxa7 g3 68. fxg3 f2 0-1

[Event "otb"]
[Site "otb"]
[Date "2007.04.02"]
[Round "8"]
[White "Mitrovic Ratko"]
[Black "Mihajlovic Miodrag"]
[Result "0-1"]
[WhiteElo "1969"]
[BlackElo "2243"]
[PlyCount "82"]
[Source "www.chesslib.no"]
[SourceDate "2004.05.04"]

1. e4 Nf6 2. e5 Ng8 3. Nf3 d5 4. d4 Bg4 5. Be2 e6 6. Nbd2 c5 7. c3 Nc6 8. h3 Bxf3 9. Nxf3 cxd4 10. cxd4 Bb4+ 11. Bd2 Qa5 12. a3 Bxd2+ 13. Qxd2 Qxd2+ 14. Kxd2 O-O-O 15. Rhc1 Kb8 16. Bb5 Nge7 17. Rc3 h6 18. Rac1 Rc8 19. g4 a6 20. Bxc6 Rxc6 21. Rxc6 Nxc6 22. b4 Rc8 23. Rc3 Rc7 24. Kd3 Kc8 25. Nd2 Kd7 26. f4 g6 27. h4 Rc8 28. Nb3 b6 29. Na1 Rf8 30. Nc2 f5 31. g5 hxg5 32. hxg5 Rh8 33. Ke2 b5 34. Rf3 Rh4 35. Kd2 Rh2+ 36. Kd1 Rxc2 37. Rh3 Rc4 38. Rh6 Rxd4+ 39. Ke2 Ne7 40. Ke3 Re4+ 41. Kf3 d4 0-1

[Event "Camp. olandese open"]
[Site "Dieren OLA"]
[Date "2007.07.24"]
[Round "1"]
[White "Haast, A."]
[Black "Etmans, M."]
[Result "0-1"]
[WhiteElo "2001"]
[BlackElo "2207"]
[PlyCount "92"]
[EventDate "2007.07.24"]
[Source "www.chesslib.no"]
[SourceDate "2004.05.04"]

1. e4 Nf6 2. e5 Ng8 3. d4 d6 4. exd6 exd6 5. Bd3 Be7 6. c4 Bf6 7. Ne2 Ne7 8. Qc2 d5 9. Be3 dxc4 10. Bxc4 O-O 11. Bd3 g6 12. Nbc3 Bg7 13. O-O-O Nbc6 14. a3 Nf5 15. Bxf5 Bxf5 16. Ne4 Re8 17. f3 Ne7 18. g4 Nd5 19. Bd2 Bd7 20. h4 h6 21. Kb1 f5 22. gxf5 Bxf5 23. N2g3 Qd7 24. Rhg1 Rf8 25. Bc1 Kh8 26. Qg2 Rae8 27. Nxf5 gxf5 28. Nc5 Qf7 29. Qg6 Qxg6 30. Rxg6 Rf6 31. Rdg1 Rxg6 32. Rxg6 Kh7 33. Rg2 b6 34. Nb3 a5 35. a4 Re1 36. Kc2 Rh1 37. Kd3 Rxh4 38. Kc4 Nf4 39. Rc2 c6 40. Bd2 Ne6 41. Be3 c5 42. Kb5 cxd4 43. Bf2 d3 44. Bxh4 dxc2 45. Kxb6 Bxb2 46. Bf2 Nd4 0-1

[Event "It (open)"]
[Site "Klatovy (Czech Republic)"]
[Date "2007.07.08"]
[Round "9"]
[White "Herejk Petr (CZE)"]
[Black "Paldus Petr (CZE)"]
[Result "0-1"]
[WhiteElo "2160"]
[BlackElo "2048"]
[PlyCount "98"]
[EventDate "2007.??.??"]
[Source "www.chesslib.no"]
[SourceDate "2004.05.04"]

1. e4 Nf6 2. e5 Ng8 3. d4 d6 4. f4 g6 5. Nc3 Bg7 6. Be3 e6 7. Nf3 Ne7 8. Bd3 b6 9. O-O Ba6 10. Bxa6 Nxa6 11. Qe2 Nb8 12. a4 a6 13. Bf2 d5 14. Bh4 Nd7 15. Rae1 Qc8 16. Bxe7 Kxe7 17. g4 Qg8 18. f5 gxf5 19. gxf5 Bh6+ 20. Kh1 Qg4 21. Nxd5+ exd5 22. e6 Nf6 23. exf7+ Ne4 24. c4 c6 25. cxd5 cxd5 26. f6+ Kd6 27. Qd3 Kc7 28. Qa3 Bf8 29. Qb3 Qd7 30. Ne5 Qd8 31. Qc2+ Kb7 32. Qc6+ Ka7 33. Rc1 Bd6 34. Qxd5 Bxe5 35. Qxe5 Nd6 36. Rc6 Nb7 37. Rfc1 Rb8 38. Rc7 Qf8 39. Re7 Qh6 40. Rcc7 Qh3 41. Kg1 Qf3 42. Qe4 Rhg8+ 43. fxg8=Q Rxg8+ 44. Rg7 Qxe4 45. Rxg8 Qxd4+ 46. Kg2 Qd5+ 47. Kh3 Qxg8 48. f7 Qd8 49. Kg4 Kb8 0-1

[Event "Open"]
[Site "?"]
[Date "2004.07.03"]
[Round "7"]
[White "Nikolic Mila"]
[Black "Perunovic Ljubivoje"]
[Result "1/2-1/2"]
[WhiteElo "1982"]
[BlackElo "2171"]
[PlyCount "131"]
[EventDate "2004.??.??"]
[Source "www.chesslib.no"]
[SourceDate "2004.05.04"]

1. e4 Nf6 2. e5 Ng8 3. d4 d5 4. exd6 cxd6 5. Nf3 g6 6. Bc4 d5 7. Bd3 Bg7 8. c3 Nf6 9. O-O O-O 10. Nbd2 Nc6 11. Re1 Qc7 12. Nf1 Bg4 13. h3 Bxf3 14. Qxf3 e5 15. dxe5 Nxe5 16. Qd1 Rfe8 17. Bf4 Nh5 18. Bh2 Qb6 19. Rb1 Rad8 20. Be2 d4 21. cxd4 Rxd4 22. Qc2 Nf4 23. Bxf4 Rxf4 24. Ne3 Nc6 25. Bf1 Rd8 26. Rec1 Bd4 27. Re1 h5 28. b3 Rd6 29. Kh1 Qd8 30. Rbc1 Qf6 31. f3 Kg7 32. Nc4 Rd5 33. Re4 Rg5 34. Rxf4 Qxf4 35. Qd2 Qg3 36. Qe1 Bf2 37. Qc3+ Bd4 38. Qd3 Kh7 39. Nd2 Be5 40. Kg1 Qxh3 41. Kf2 Qh4+ 42. Ke2 Bd4 43. Ne4 Re5 44. Rxc6 Qf2+ 45. Kd1 Rxe4 46. fxe4 bxc6 47. Qe2 Qg1 48. Qf3 Kg7 49. Kd2 c5 50. a4 Bf6 51. Bc4 Qd4+ 52. Ke2 Kh6 53. Qe3+ Qxe3+ 54. Kxe3 Bd4+ 55. Kf3 f6 56. g4 Kg5 57. gxh5 Kxh5 58. Kg3 Kg5 59. Bf7 Kh6 60. Kg4 Kg7 61. Be6 Kf8 62. Bc8 Ke7 63. Bb7 Kd6 64. Bc8 Ke5 65. Bb7 Bc3 66. Bc6 1/2-1/2

[Event "6th Gibtelecom Masters"]
[Site "Gibraltar ENG"]
[Date "2008.01.22"]
[Round "1"]
[White "Hamer, M."]
[Black "Kvisla, J."]
[Result "1/2-1/2"]
[WhiteElo "1962"]
[BlackElo "2130"]
[PlyCount "175"]
[EventDate "2008.01.22"]
[Source "www.chesslib.no"]
[SourceDate "2004.05.04"]

1. e4 Nf6 2. e5 Ng8 3. d4 d6 4. Nf3 Bg4 5. Bd3 c6 6. Bf4 e6 7. Nbd2 d5 8. O-O Be7 9. c3 h5 10. h3 g5 11. Bh2 Bf5 12. Bxf5 exf5 13. Qb3 Qb6 14. a4 g4 15. Ne1 Bg5 16. a5 Qxb3 17. Nxb3 Nd7 18. Nd3 gxh3 19. gxh3 Ne7 20. Nbc5 Nxc5 21. Nxc5 O-O-O 22. a6 b6 23. Nb7 Rdf8 24. Nd6+ Kd7 25. f4 Bh4 26. Kh1 Ke6 27. Rg1 Ng6 28. b4 Be7 29. Nb7 Rc8 30. Rab1 Rhg8 31. Bg3 Nf8 32. Bf2 Nd7 33. Rg2 Nb8 34. Ra1 Rxg2 35. Kxg2 Rc7 36. Kf3 Rd7 37. Ra2 Nxa6 38. Rxa6 Rxb7 39. Be1 f6 40. exf6 Bxf6 41. Bf2 Re7 42. Ra1 Kf7 43. Bg3 Ke8 44. Bf2 Kd8 45. Bg3 Kc8 46. Bf2 Kb7 47. Bg3 Re8 48. Bf2 a5 49. bxa5 Ra8 50. a6+ Rxa6 51. Rxa6 Kxa6 52. Ke2 Kb5 53. Kd3 Be7 54. Be1 Ka4 55. Kc2 Bd6 56. Bd2 b5 57. Be3 b4 58. cxb4 Bxb4 59. Bc1 Be1 60. Be3 Bg3 61. Kc3 Bh4 62. Kc2 Kb4 63. Kd3 Kb3 64. Bg1 Be7 65. Bf2 Bd6 66. Be3 Kb4 67. Bd2+ Kb5 68. Bc1 Bb4 69. Be3 c5 70. dxc5 Bxc5 71. Bd2 Bg1 72. Bc1 d4 73. Bb2 Kc5 74. Ba1 Kd5 75. Bb2 Be3 76. Ba1 Bxf4 77. Bxd4 Bh2 78. Be3 Ke5 79. Bb6 f4 80. Ke2 Ke4 81. Kf1 f3 82. Kf2 h4 83. Bd8 Bg3+ 84. Kf1 f2 85. Be7 Kf4 86. Bd8 Ke3 87. Be7 Kf3 88. Bd8 1/2-1/2

[Event "GER-chT U20 Girls"]
[Site "?"]
[Date "2001.12.27"]
[Round "3.1"]
[White "Helm Leonie"]
[Black "Niesch Franziska"]
[Result "1-0"]
[WhiteElo "2138"]
[BlackElo "1871"]
[PlyCount "53"]
[EventDate "2001.??.??"]
[Source "www.chesslib.no"]
[SourceDate "2004.05.04"]

1. e4 Nf6 2. e5 Ng8 3. d4 d5 4. Bd3 c5 5. dxc5 Nc6 6. Bb5 e6 7. Be3 Bd7 8. Bxc6 Bxc6 9. Nf3 Qa5+ 10. Qd2 Qc7 11. a4 Ne7 12. b4 Nf5 13. Bf4 a5 14. c3 axb4 15. cxb4 Rxa4 16. Rxa4 Bxa4 17. O-O Ne7 18. Nc3 Bd7 19. Ra1 Ng6 20. Ra8+ Bc8 21. Bg5 Be7 22. Bxe7 Nxe7 23. Nb5 Qc6 24. Nfd4 Qd7 25. Nd6+ Kf8 26. Qf4 Ng6 27. Rxc8+ 1-0

[Event "Tomo Zupan Open"]
[Site "Tomo Zupan"]
[Date "1992.??.??"]
[Round "?"]
[White "Markun, Bostjan"]
[Black "Rabic, Drago"]
[Result "1-0"]
[WhiteElo "2150"]
[BlackElo "1850"]
[PlyCount "49"]
[EventDate "1992.??.??"]
[Source "www.chesslib.no"]
[SourceDate "2004.05.04"]

1. e4 Nf6 2. e5 Ng8 3. d4 f5 4. Nf3 e6 5. d5 g6 6. Bc4 Qe7 7. O-O Nh6 8. Bg5 Qc5 9. Bf6 Nf7 10. dxe6 dxe6 11. Bxh8 Qxc4 12. Bf6 b6 13. Ng5 Nc6 14. Nd2 Qb5 15. Ndf3 h6 16. Nxf7 Kxf7 17. Nd4 Qd5 18. c3 Bb7 19. Nf3 Ne7 20. c4 Qc6 21. Qd4 Re8 22. Rfd1 Bc8 23. Qh4 g5 24. Nxg5+ Kg8 25. Qh5 1-0

[Event "Hull"]
[Site "?"]
[Date "2002.09.24"]
[Round "3"]
[White "Groleau Gilles"]
[Black "Lavergne Daniel"]
[Result "1-0"]
[WhiteElo "2125"]
[BlackElo "1854"]
[PlyCount "133"]
[EventDate "2002.??.??"]
[Source "www.chesslib.no"]
[SourceDate "2004.05.04"]

1. e4 Nf6 2. e5 Ng8 3. Nf3 d6 4. d4 Bg4 5. exd6 cxd6 6. c3 Nf6 7. h3 Bd7 8. Bd3 g6 9. O-O Bg7 10. Re1 O-O 11. Bf4 Re8 12. Nbd2 Qb6 13. Qb3 Be6 14. Qxb6 axb6 15. a3 Nc6 16. Ng5 Bd7 17. Nc4 Nd5 18. Bg3 b5 19. Ne3 Nc7 20. Rad1 Rad8 21. f4 h6 22. Nf3 f5 23. Bb1 e6 24. Ba2 Kf7 25. d5 Ne7 26. dxe6+ Bxe6 27. Bxe6+ Nxe6 28. Nd5 Nxd5 29. Rxd5 Nc7 30. Rxe8 Kxe8 31. Rd3 Kd7 32. Nh4 Kc6 33. Nxg6 Re8 34. Kf1 Nd5 35. Nh4 Re3 36. Rxe3 Nxe3+ 37. Ke2 Nc4 38. Nxf5 Bf8 39. Nd4+ Kb6 40. Bf2 Ka5 41. b3 Nxa3 42. Ne6 Be7 43. Kd3 d5 44. Bc5 Bxc5 45. Nxc5 Kb6 46. Ne6 b4 47. cxb4 Kb5 48. Nd4+ Kxb4 49. Nc2+ Nxc2 50. Kxc2 Kc5 51. Kd3 b5 52. f5 b4 53. f6 Kd6 54. Kd4 Ke6 55. f7 Kxf7 56. Kxd5 Kf6 57. Kc4 Kg5 58. Kxb4 Kh4 59. Kc4 Kg3 60. b4 Kxg2 61. b5 Kxh3 62. b6 h5 63. b7 h4 64. b8=Q Kg2 65. Qf4 h3 66. Qg4+ Kh2 67. Kd3 1-0

[Event "Lansing, MI"]
[Site "?"]
[Date "2002.08.31"]
[Round "1.24"]
[White "Skidmore Mike"]
[Black "Hankinson Chris"]
[Result "0-1"]
[WhiteElo "1847"]
[BlackElo "2115"]
[PlyCount "64"]
[EventDate "2002.??.??"]
[Source "www.chesslib.no"]
[SourceDate "2004.05.04"]

1. e4 Nf6 2. e5 Ng8 3. f4 d5 4. d4 g6 5. Nf3 Bg4 6. Bd3 e6 7. O-O h5 8. c3 Nh6 9. Qc2 Bf5 10. Nbd2 c5 11. Ng5 cxd4 12. cxd4 Nc6 13. Bxf5 Nxf5 14. Ndf3 Ncxd4 15. Nxd4 Nxd4 16. Qd3 Nc6 17. Nxe6 fxe6 18. Qxg6+ Kd7 19. f5 Qe8 20. fxe6+ Qxe6 21. Rf6 Bc5+ 22. Kh1 Rhf8 23. Qg7+ Qe7 24. e6+ Kc7 25. Bf4+ Kb6 26. Rf7 Rxf7 27. exf7 Rf8 28. Rf1 Bd4 29. Qg6 Qe2 30. Qb1 Qe4 31. Qxe4 dxe4 32. Re1 Rxf7 0-1

[Event "NED-chB sf"]
[Site "?"]
[Date "2002.12.08"]
[Round "2.4"]
[White "Kuitert Christian"]
[Black "Etmans Maarten D"]
[Result "0-1"]
[WhiteElo "1871"]
[BlackElo "2085"]
[PlyCount "136"]
[EventDate "2002.??.??"]
[Source "www.chesslib.no"]
[SourceDate "2004.05.04"]

1. e4 Nf6 2. e5 Ng8 3. d4 d6 4. Nf3 Bg4 5. Bd3 dxe5 6. dxe5 e6 7. O-O Nd7 8. Bf4 Ne7 9. h3 Bxf3 10. Qxf3 c6 11. Nd2 Nc5 12. Ne4 Nf5 13. Rad1 Nd4 14. Qe3 Nf5 15. Nd6+ Qxd6 16. Bxf5 Qc7 17. Bg4 Be7 18. Rfe1 O-O 19. Qg3 Rfd8 20. b4 Na4 21. Qb3 b5 22. c4 Nb6 23. cxb5 cxb5 24. Rc1 Nc4 25. Be2 Rac8 26. a3 Qb6 27. Bxc4 bxc4 28. Rxc4 Rxc4 29. Qxc4 Rd4 30. Qc8+ Rd8 31. Qc2 Qd4 32. Bg3 h6 33. Qe4 Qc3 34. Qe3 Rd3 35. Qc1 Qxa3 36. Qxa3 Rxa3 37. Rb1 Bd8 38. f3 Bb6+ 39. Bf2 Ra2 40. Bxb6 axb6 41. Kh2 g5 42. Re1 Rc2 43. Re4 b5 44. Re3 Kg7 45. Kg1 Kf8 46. Kf1 Rc4 47. Rb3 Ke7 48. Rb2 Kd7 49. Ke2 Kc6 50. h4 Kd5 51. hxg5 hxg5 52. g3 Kxe5 53. Kd3 Kf5 54. Rb3 e5 55. Ke3 g4 56. fxg4+ Kxg4 57. Ke2 f5 58. Kf2 Rc2+ 59. Kf1 f4 60. gxf4 exf4 61. Rd3 Rb2 62. Rd4 Kg3 63. Ke1 f3 64. Rd3 Rxb4 65. Ra3 Rb1+ 66. Kd2 Kg2 67. Ra8 f2 68. Rg8+ Kh3 0-1

[Event "NED-chB sf"]
[Site "?"]
[Date "2002.12.08"]
[Round "2.2"]
[White "Kuitert Christian"]
[Black "Etmans Maarten D"]
[Result "1/2-1/2"]
[WhiteElo "1871"]
[BlackElo "2085"]
[PlyCount "79"]
[EventDate "2002.??.??"]
[Source "www.chesslib.no"]
[SourceDate "2004.05.04"]

1. e4 Nf6 2. e5 Ng8 3. d4 d6 4. Nf3 Bg4 5. h3 Bxf3 6. Qxf3 c6 7. Nc3 dxe5 8. dxe5 e6 9. Bd3 Nd7 10. Qg3 Qc7 11. f4 Ne7 12. Be3 Nd5 13. Nxd5 cxd5 14. O-O Bc5 15. Kh2 Bxe3 16. Qxe3 a6 17. Rac1 b5 18. b3 Qc3 19. Rf3 g6 20. Bxb5 Qxe3 21. Bxd7+ Kxd7 22. Rxe3 Rac8 23. Rd3 Ke7 24. Kg3 Rc5 25. Kf3 Rhc8 26. c3 a5 27. Ke3 a4 28. Kd2 axb3 29. axb3 Ra5 30. Ke3 Rb5 31. c4 Rb4 32. Rdc3 Rcb8 33. cxd5 exd5 34. Rc7+ Ke8 35. Rc8+ Rxc8 36. Rxc8+ Ke7 37. Rc7+ Ke6 38. Rc6+ Ke7 39. Rd6 Rxb3+ 40. Ke2 1/2-1/2

[Event "I CIS femminile"]
[Site "Arvier ITA"]
[Date "2008.05.03"]
[Round "4"]
[White "Costantini, Laura"]
[Black "Sautto, Alessandra"]
[Result "0-1"]
[WhiteElo "2029"]
[BlackElo "1926"]
[PlyCount "110"]
[EventDate "2008.05.02"]
[Source "www.chesslib.no"]
[SourceDate "2004.05.04"]

1. e4 Nf6 2. e5 Ng8 3. d4 d5 4. exd6 exd6 5. Nf3 Nf6 6. Bd3 Be7 7. O-O O-O 8. c4 Bg4 9. Be3 c6 10. Nc3 d5 11. c5 Nbd7 12. b4 b5 13. a4 a6 14. h3 Bh5 15. Bf4 Bg6 16. Bxg6 hxg6 17. Re1 Re8 18. Re2 Bf8 19. Rea2 Ne4 20. Qd3 Rc8 21. axb5 axb5 22. Ra7 Nxc3 23. Qxc3 Nf6 24. Ne5 Re7 25. R7a6 Ne4 26. Qf3 Qe8 27. Rb6 Re6 28. Raa6 Rf6 29. Qg4 g5 30. Be3 Re6 31. Qh5 Rh6 32. Qg4 Re6 33. Ra7 f6 34. Ng6 f5 35. Qxf5 Qxg6 36. Qg4 Rce8 37. f3 Nf6 38. Qxg5 Qb1+ 39. Kh2 Rxe3 40. Rxc6 R8e6 41. Rc8 Re8 42. Rc6 R8e6 43. Rc8 Re8 44. Rcc7 R8e7 45. Rxe7 Rxe7 46. Rxe7 Bxe7 47. Qe5 Kf7 48. c6 Qc2 49. c7 Qc6 50. Qe2 Bd6+ 51. g3 Bxc7 52. Kg2 Qd6 53. f4 Qxb4 54. Qd3 Ne4 55. Kf3 Qd2 0-1

[Event "GER-chT U20 Girls"]
[Site "?"]
[Date "2001.12.27"]
[Round "2.1"]
[White "Czaeczine Anne"]
[Black "Niesch Franziska"]
[Result "1-0"]
[WhiteElo "2022"]
[BlackElo "1871"]
[PlyCount "95"]
[EventDate "2001.??.??"]
[Source "www.chesslib.no"]
[SourceDate "2004.05.04"]

1. e4 Nf6 2. e5 Ng8 3. d4 d5 4. Bd3 c5 5. c3 Nc6 6. Ne2 Bg4 7. f3 Bh5 8. Be3 cxd4 9. cxd4 a6 10. Nbc3 e6 11. Nf4 Bg6 12. Nxg6 hxg6 13. a3 Nge7 14. g4 Nc8 15. Qc2 Qh4+ 16. Qf2 Be7 17. Ne2 Qxf2+ 18. Bxf2 Bh4 19. Rc1 Nb6 20. b4 Na4 21. Rc2 Na7 22. Bxh4 Rxh4 23. Kf2 Rh8 24. Ke3 Kd7 25. Nc1 Rac8 26. Nb3 Rxc2 27. Bxc2 b6 28. Nc5+ Nxc5 29. bxc5 bxc5 30. dxc5 Kc6 31. Bd3 Nb5 32. a4 Nc3 33. Kd4 Nxa4 34. Ra1 Nb2 35. Rxa6+ Kc7 36. Ra7+ Kc6 37. Rxf7 Nxd3 38. Kxd3 Kxc5 39. Rc7+ Kb4 40. Rxg7 Rxh2 41. Rxg6 Rh1 42. Rxe6 Rd1+ 43. Ke2 Ra1 44. Rc6 Ra3 45. e6 d4 46. f4 Re3+ 47. Kd2 Re4 48. Kd3 1-0

[Event "Open"]
[Site "Pardubice CZE"]
[Date "1993.??.??"]
[Round "5"]
[White "Chladny, I."]
[Black "Naumann, Klaus"]
[Result "1/2-1/2"]
[WhiteElo "2020"]
[BlackElo "1860"]
[PlyCount "38"]
[EventDate "1993.??.??"]
[Source "www.chesslib.no"]
[SourceDate "2004.05.04"]

1. e4 Nf6 2. e5 Ng8 3. d4 d5 4. exd6 cxd6 5. h3 Nf6 6. Nf3 e6 7. Bd3 Be7 8. c3 Bd7 9. Bf4 Bc6 10. Nbd2 Nbd7 11. Qe2 h6 12. O-O O-O 13. Rfc1 Re8 14. Nc4 Nb6 15. Na5 Nbd5 16. Nxc6 Nxf4 17. Nxe7+ Rxe7 18. Qd2 Nxd3 19. Qxd3 Qa5 1/2-1/2

[Event "Uzes Open"]
[Site "Uzes"]
[Date "1989.??.??"]
[Round "9"]
[White "Muller, Anne"]
[Black "Zimmermann, Walter"]
[Result "0-1"]
[WhiteElo "1740"]
[BlackElo "2040"]
[PlyCount "78"]
[EventDate "1989.??.??"]
[Source "www.chesslib.no"]
[SourceDate "2004.05.04"]

1. e4 Nf6 2. e5 Ng8 3. d4 d5 4. Bd3 c5 5. c3 Nc6 6. Nf3 Bg4 7. Be2 e6 8. b3 cxd4 9. cxd4 Bb4+ 10. Kf1 Rc8 11. Bb2 Nh6 12. Nbd2 O-O 13. h3 Bxf3 14. Nxf3 f6 15. exf6 Qxf6 16. g3 Nf5 17. Kg2 Ba5 18. Qd3 Bb6 19. Rhd1 Kh8 20. a3 Rc7 21. Rd2 Nd6 22. Rf1 Ne4 23. Rdd1 Rcf7 24. h4 Qg6 25. b4 Bc7 26. Rc1 Qg4 27. Rc2 Nxf2 28. Rxf2 Bxg3 29. Kf1 Bxf2 30. Kxf2 Qxh4+ 31. Kg2 Qg4+ 32. Kf2 Rf6 33. Rc3 Qh4+ 34. Kg2 Qg4+ 35. Kf2 Nxd4 36. Qd1 e5 37. Re3 Qh5 38. Kg2 Rg6+ 39. Kf1 Qh1+ 0-1

[Event "Berlin GER"]
[Site "?"]
[Date "2005.01.29"]
[Round "2.10"]
[White "Schueler Wolfgang"]
[Black "Fiedler Wolfgang[44Berlin"]
[Result "1-0"]
[WhiteElo "1931"]
[BlackElo "1771"]
[PlyCount "87"]
[EventDate "2005.??.??"]
[Source "www.chesslib.no"]
[SourceDate "2004.05.04"]

1. e4 Nf6 2. e5 Ng8 3. d4 c5 4. d5 d6 5. exd6 exd6 6. Nf3 a6 7. Be2 Be7 8. O-O Nf6 9. c4 O-O 10. Nc3 Nbd7 11. Bd3 Ne5 12. Nxe5 dxe5 13. Re1 Qd6 14. Bg5 Ng4 15. Ne4 Qd8 16. Bxe7 Qxe7 17. h3 f5 18. hxg4 fxe4 19. Rxe4 b5 20. Qe1 bxc4 21. Bxc4 Qd6 22. f3 Bd7 23. Qh4 Bb5 24. b3 Bxc4 25. bxc4 Rab8 26. Rae1 Rb4 27. Qg5 h6 28. Qc1 Rfb8 29. Rxe5 Rb1 30. Qe3 Rxe1+ 31. Qxe1 Rb4 32. Re8+ Kf7 33. Qe4 Rxc4 34. Qxc4 Kxe8 35. Qe4+ Kf7 36. f4 Qf6 37. Qe5 c4 38. Qc7+ Kg6 39. Qxc4 Qb6+ 40. Kh2 Qf2 41. Qxa6+ Kf7 42. Qe6+ Kf8 43. d6 Qxf4+ 44. Kh3 1-0

[Event "Neumuenster, SWH"]
[Site "?"]
[Date "2000.12.27"]
[Round "2.3"]
[White "Gorka Christiane"]
[Black "Niesch Franziska"]
[Result "1-0"]
[WhiteElo "1719"]
[BlackElo "1760"]
[PlyCount "57"]
[EventDate "2000.??.??"]
[Source "www.chesslib.no"]
[SourceDate "2004.05.04"]

1. e4 Nf6 2. e5 Ng8 3. d4 d5 4. Bd3 g6 5. h3 h5 6. Nf3 Nh6 7. Bg5 Bf5 8. Nc3 c6 9. Nh4 Qb6 10. Bxh6 Bxh6 11. Bxf5 gxf5 12. Nxf5 Qxb2 13. Na4 Qa3 14. Nc5 Qc3+ 15. Kf1 b6 16. Nb3 Na6 17. Qxh5 Qxc2 18. e6 O-O-O 19. Nxh6 fxe6 20. Qg5 Rdf8 21. Ng4 Rh7 22. Qe3 Kd7 23. Rc1 Qf5 24. Ne5+ Kc7 25. Nxc6 Kb7 26. f3 Qg6 27. Ne5 Qf5 28. Qc3 Rfh8 29. Qc6+ 1-0

[Event "Corr"]
[Site "?"]
[Date "2004.04.07"]
[Round "?"]
[White "Rogovsky Daniel Javier"]
[Black "Stallinga Hein"]
[Result "1/2-1/2"]
[WhiteElo "1771"]
[BlackElo "1670"]
[PlyCount "117"]
[EventDate "2004.??.??"]
[Source "www.chesslib.no"]
[SourceDate "2004.05.04"]

1. e4 Nf6 2. e5 Ng8 3. d4 d6 4. f4 dxe5 5. fxe5 c5 6. dxc5 Qxd1+ 7. Kxd1 Nc6 8. Bb5 Bd7 9. Bxc6 Bxc6 10. Nf3 e6 11. Be3 Ne7 12. Nbd2 Nd5 13. Bd4 Rd8 14. c3 Be7 15. Kc2 Nf4 16. g3 Ng6 17. Rhf1 O-O 18. h4 h5 19. Rae1 Rd7 20. Ne4 f5 21. Nd6 f4 22. gxf4 Rxf4 23. Ng5 Rxf1 24. Rxf1 Bd5 25. c4 Bxc4 26. Nxc4 Bxg5 27. hxg5 Rxd4 28. Nd6 Nxe5 29. Nxb7 Nc6 30. g6 h4 31. Kc3 Rg4 32. Rh1 e5 33. a3 Ne7 34. b4 Nxg6 35. Nd6 Nf4 36. Kc4 a6 37. c6 h3 38. Nf5 Rg2 39. Kc5 Kf7 40. c7 Ne6+ 41. Kb6 Nxc7 42. Kxc7 Ke6 43. Ne3 Rg3 44. Nd1 Rxa3 45. Nf2 Rb3 46. Nxh3 Rxb4 47. Ng5+ Kf6 48. Nh7+ Kf5 49. Rg1 e4 50. Rxg7 e3 51. Rf7+ Ke4 52. Ng5+ Kd3 53. Nf3 e2 54. Ne1+ Kd2 55. Nf3+ Ke3 56. Ne1 a5 57. Ng2+ Kd2 58. Rd7+ Kc1 59. Re7 1/2-1/2

[Event "Kretsmesterskap, Hordaland"]
[Site "?"]
[Date "2003.03.01"]
[Round "2"]
[White "Kjenner Svein"]
[Black "Pedersen Thomas Vils"]
[Result "0-1"]
[WhiteElo "1524"]
[BlackElo "1616"]
[PlyCount "54"]
[EventDate "2003.??.??"]
[Source "www.chesslib.no"]
[SourceDate "2004.05.04"]

1. e4 Nf6 2. e5 Ng8 3. d4 d6 4. Nf3 g6 5. Bc4 Bg7 6. Ng5 e6 7. Qf3 Nh6 8. d5 dxe5 9. dxe6 f6 10. Nf7 Nxf7 11. exf7+ Kf8 12. Be3 Qe7 13. Nc3 c6 14. Rd1 Be6 15. Rd8+ Kxf7 16. Rxh8 Bxh8 17. Bxe6+ Qxe6 18. Ne4 Kg8 19. O-O Qf5 20. Qd1 Na6 21. Nd6 Qd7 22. c3 Rd8 23. Qb3+ Kf8 24. Nxb7 Rb8 25. Rd1 Qxb7 26. Rd8+ Rxd8 27. Bh6+ Bg7 0-1